01436nam a2200337 a 450000100060000000300020000600500170000800600190002500700150004400800410005903500210010004000300012105000210015108000080017208200140018010000350019424502240022926000680045330000110052150200940053253301620062658800680078865000170085665000150087365000160088865000180090465500270092270000530094971000180100285600780102076148020241217151254.0m o d | cr cn|||||||||210111s2007 cl o 000 0 spa d a(OCoLC)797829771 aFINmELBcFINmELBdFINmELB 4aTA545bA283 2007 a52804a526.92221 aAguilera Alburquenque, Carlos.10aActualización de la base de información de la red vial, Provincia de Ñuble VIII Regiónh[recurso electronico] /cCarlos Aguilera Alburquenque, Marco Benavente Miranda ; prof. guía José Luis Borcosque Díaz. a[Santiago de Chile] :bUniversidad de Santiago de Chile,c2007. a100 p. aTesis (Ingeniero de Ejecución en Geomensura) -- Universidad de Santiago de Chile, 2007. aRecurso electrónico. Santa Fe, Arg.: elibro, 2015. Disponible vía World Wide Web. El acceso puede estar limitado para las bibliotecas afiliadas a elibro. aDescripción basada en el editor de metadatos y otras fuentes. 4aEngineering. 4aSurveying. 4aGeomensura. 4aIngeniería. 4aLibros electrónicos.1 aBorcosque Díaz, José Luis,eprofesor guía.2 aelibro, Corp.40uhttps://elibro.net/ereader/politecnicointernacional/108264zClick to View